000 00443nam a2200181Ia 4500
001 23268
005 20260414150926.0
008 260414t2012||||xx |||||||||||||| ||spa||
041 _aESP
082 _a628.1
_bC32
100 _aCastillo Anselmi, Luis
_eAUT
245 0 _aInstalaciones sanitarias de edificaciones
_b
260 _c2012
300 _a135 páginas :
_c24 cm.
650 _aCNM
654 _aCCN
942 _cLIB
_dJUS
_fJUS
_2ddc
_n
999 _c23268
_d23268